N'oubliez pas les paroles - Booba - Statistiques

Statistiques générales
  • Ce quiz a été pris 687 fois
  • Le résultat moyen est 4 sur 10
Statistiques - réponses
Hint Réponse % Correct
DKR - C’est pas le quartier qui me quitte c'est moi j'quitte le quartier
79%
Validée - Nos cœurs battent trop vite, on va se crasher il faut réduire la vitesse
77%
Pitbull - Comment ne pas être un pitbull Quand la vie est une chienne
71%
92i Veyron - Y'à que quand tu baise ta daronne que je suis de tout cœur avec toi
45%
Scarface - T'es pas bonne si t'as pas de fesses t'as walou
41%
Kalash - Ma question préférée qu’est-ce que j’vais faire de tout cet oseille ?
25%
BB - Le réchauffement climatique c'est dû à la chatte à ta mère, avec l'effet de serre
10%
Petite fille - T'es bonne d'la tête au pied en vrai j'm'arrête à la schneck
7%
Boulbi - Bordel, quand on rentre sur la piste On est venu teaser, claquer du bif' pas d'embrouille man pas de litige sinon ça va saigner est-ce que tu piges
3%
Wesh Morray - Tu prends tes cliques tu niques ta mère tu fermes ta geule tu dis de la merde
1%
Aucun quiz correspondant
Distribution des résultats
% des personnes avec chaque résultat
Percentile par nombre de réponses
Votre historique - résultats
Vous n’avez pas pris ce quiz